Fundamentals of fingerprint analysis
| Main Author: | |
|---|---|
| Format: | Book |
| Published: |
US :
Taylor & Francis Group LLC ,
2015
|
| Subjects: |
MARC
| LEADER | 00000cam a2200000 7i4500 | ||
|---|---|---|---|
| 001 | 0000004157 | ||
| 005 | 20181227.0 | ||
| 090 | 0 | 0 | |a 363.258 |b FING 2015 |
| 100 | 0 | 1 | |a Daluz, Hillary Moses |
| 245 | 1 | 0 | |a Fundamentals of fingerprint analysis |c Hillary Moses Daluz |
| 260 | 0 | 0 | |a US : |b Taylor & Francis Group LLC , |c 2015 |
| 300 | |a xv, 312p. : |b il. wrn. ; |c 26cm. | ||
| 500 | 0 | 0 | |a Includes index |
| 650 | 0 | 0 | |a Fingerprints |
| 650 | 0 | 0 | |a Forensic sciences |
| 998 | |a JPSM | ||
| 999 | |a 008035 |b Monograph |c Open Shelf |e Default branch | ||